| 000 | 00431cam a22001337a 4500 | ||
|---|---|---|---|
| 008 | 180718b1993 xxu||||| |||| 00| 0 eng d | ||
| 082 | _aAPPPA 92-93 SAT | ||
| 100 | _aSatpathy, C.B | ||
| 245 |
_aCivil aviation security in India: a critical analysis _cby C.B. Satpathy |
||
| 260 |
_aNew Delhi _bIndian Institute of Public Administration _c1993 |
||
| 300 | _a104p. | ||
| 650 | _aAPPPA | ||
| 650 | _aCivil aviation security system-India | ||
| 999 |
_c476060 _d476060 |
||